[Event "2nd Irena Warakomska Memorial-A"]
[Site "Suwalki"]
[Date "2018.08.03"]
[Round "3"]
[White "Vetoshko, Volodymyr"]
[Black "Bykovskiy, Oleg"]
[Result "1-0"]
[WhiteElo "2525"]
[BlackElo "2263"]
[Annotator "ChessBase"]
[PlyCount "73"]
[EventDate "2018.08.01"]
[EventType "swiss"]
[EventCountry "POL"]
[SourceTitle "playchess.com"]
[Source "ChessBase"]
[SourceQuality "1"]
[TimeControl "40/5400+30:1800+30"]

1. e4 {[%emt 0:00:00]} e5 {[%emt 0:00:00]} 2. Nf3 {[%emt 0:00:00]} Nf6 {[%emt 0:00:00]} 3. Nxe5 {[%emt 0:00:00]} d6 {[%emt 0:00:00]} 4. Nf3 {[%emt 0:00:00]} Nxe4 {[%emt 0:00:00]} 5. Nc3 {[%emt 0:00:00]} Nxc3 {[%emt 0:00:10]} 6. dxc3 {[%emt 0:00:00]} Be7 {[%emt 0:00:04]} 7. Be3 {[%emt 0:00:00]} O-O {[%emt 0:00:08]} 8. Qd2 {[%emt 0:00:00]} Nd7 {[%emt 0:00:12]} 9. O-O-O {[%emt 0:00:05]} Ne5 {[%emt 0:00:07]} 10. Kb1 {[%emt 0:00:36]} c6 {[%emt 0:00:14]} 11. Nxe5 {[%emt 0:00:55]} dxe5 {[%emt 0:00:06]} 12. Bd3 {[%emt 0:00:03]} Qa5 {[%emt 0:01:21]} 13. Qe2 {[%emt 0:01:34]} Be6 {[%emt 0:01:47]} 14. c4 {[%emt 0:00:06]} b5 {[%emt 0:07:26]} 15. Bd2 {[%emt 0:03:26]} Qc7 {[%emt 0:06:01]} 16. Bc3 {[%emt 0:16:15]} bxc4 {[%emt 0:11:52]} 17. Bxc4 {[%emt 0:02:27]} Bxc4 {[%emt 0:00:17]} 18. Qxc4 {[%emt 0:00:05]} Rfd8 {[%emt 0:00:06]} 19. a4 {[%emt 0:04:43]} Bf6 {[%emt 0:03:48]} 20. Qc5 {[%emt 0:21:34]} Qb6 {[%emt 0:10:05]} 21. Rxd8+ {[%emt 0:01:24]} Rxd8 {[%emt 0:02:07]} 22. Qxb6 {[%emt 0:00:09]} axb6 {[%emt 0:00:04]} 23. Re1 {[%emt 0:00:05]} Kf8 {[%emt 0:06:02]} 24. Bxe5 {[%emt 0:19:25]} Bxe5 {[%emt 0:00:11]} 25. Rxe5 {[%emt 0:00:04]} Rd1+ {[%emt 0:00:01]} 26. Ka2 {[%emt 0:00:04]} Rd2 {[%emt 0:00:02]} 27. b4 {[%emt 0:00:08]} Rxc2+ {[%emt 0:00:18]} 28. Kb3 {[%emt 0:00:11]} Rxf2 {[%emt 0:00:06]} 29. a5 {[%emt 0:00:18]} bxa5 {[%emt 0:00:04]} 30. bxa5 {[%emt 0:00:04]} Rf1 {[%emt 0:00:23]} 31. Re2 {[%emt 0:09:49]} Ra1 {[%emt 0:09:17]} 32. Ra2 {[%emt 0:01:03]} Rb1+ {[%emt 0:00:04]} 33. Kc4 {[%emt 0:01:00]} Rc1+ {[%emt 0:00:45]} 34. Kb4 {[%emt 0:01:58]} Rb1+ {[%emt 0:00:41]} 35. Kc5 {[%emt 0:00:29]} Rc1+ {[%emt 0:00:08]} 36. Kb6 {[%emt 0:02:30]} Rb1+ {[%emt 0:00:06]} 37. Kc7 {[%emt 0:00:17]} 1-0

[Event "2nd Irena Warakomska Memorial-A"]
[Site "Suwalki"]
[Date "2018.08.03"]
[Round "3"]
[White "Kanarek, Marcel"]
[Black "Grebeniuk, Semen"]
[Result "1/2-1/2"]
[WhiteElo "2518"]
[BlackElo "2306"]
[Annotator "TA"]
[PlyCount "130"]
[EventDate "2018.08.01"]
[EventType "swiss"]
[EventCountry "POL"]
[SourceTitle "playchess.com"]
[Source "ChessBase"]
[SourceQuality "1"]

{[%evp 16,130,69,77,98,100,123,105,108,101,114,109,127,139,153,155,135,84,93,90,103,87,66,71,80,79,115,112,130,113,109,96,145,151,170,170,188,79,277,277,283,280,298,287,272,260,279,268,333,329,263,55,55,0,54,54,54,65,77,77,108,11,11,0,33,33,33,33,44,50,132,132,132,155,245,245,253,253,360,360,339,328,321,314,301,300,300,252,252,0,0,0,0,0,0,0,0,0,0,0,0,0,0,0,0,0,0,0,0,0,0,0,0,0,0,0,0]} 1. e4 g6 2. d4 Bg7 3. Nc3 c6 4. f4 d5 5. e5 Nh6 6. Nf3 Bg4 7. h3 Bxf3 8. Qxf3 Nf5 {B15: Caro-Kann (Flohr-Variante)} (8... f6 9. Be3 fxe5 10. dxe5 Rf8 11. Qe2 Qa5 12. O-O-O Nd7 13. Kb1 e6 14. Qe1 Nf5 15. Bd2 Qd8 16. Ne2 Qe7 17. g4 {1-0 (56) Andriasian,Z (2585)-Petrosian,T (2606) Yerevan 2018}) 9. Ne2 $1 {LiveBook: 9 Partien} c5 10. dxc5 Nc6 {Weiß steht besser.} 11. c3 e6 12. g4 Nh4 13. Qf2 g5 14. fxg5 $146 ({Vorgänger:} 14. Nd4 gxf4 15. Bb5 Rc8 16. Bxf4 {0-1 (81) Sondermann,J (2040)-Schneider,B (2395) Porz 1995}) 14... Nxe5 15. Nd4 Nhg6 16. Bb5+ (16. Be3 $142) 16... Nd7 $16 17. O-O {[%csl Gf1][%cal Rf2f7]} O-O 18. Bxd7 (18. b4 {keeps more tension.} a5 19. a4 Nde5 20. Rb1 Qc7 21. Be3) 18... Qxd7 19. Be3 $36 {[%mdl 2048] Läuft bei Weiss.} Rac8 20. Rad1 Ne5 21. Bf4 Rfe8 22. Bxe5 Bxe5 23. b4 Rc7 24. Qe2 Bg7 25. Nb5 Rc6 26. Nxa7 (26. c4 $1 $18 {und Weiss behält klar die Oberhand.}) 26... Bxc3 $2 (26... Ra6 $16 {war nötig.}) 27. Nxc6 $18 bxc6 28. Qc4 Bg7 29. Qb3 Qe7 30. Qe3 e5 31. b5 e4 32. b6 (32. bxc6 d4 $18) 32... d4 33. Rxd4 $2 (33. Qb3 $18) 33... Qxc5 $14 34. Rfd1 ({Doch nicht} 34. Rxe4 Qxe3+ 35. Rxe3 Rxe3 $15) (34. Rd3 $14 Qxe3+ 35. Rxe3) 34... Qxb6 ({Besser ist} 34... Bxd4 $11 35. Qxd4 Qa3) 35. R4d3 $1 c5 36. Rd6 Qa5 37. R6d5 Qxa2 38. Rxc5 (38. Rd8 $16 Qe6 39. Qxc5) 38... Be5 $1 $11 39. Qf2 Qa4 (39... Qb3 $5 {[%cal Rb3d1]} 40. Rd7 e3 $16) 40. Rcd5 {Schwarz muss nun Tf1 beachten.} e3 41. Qf3 Bc7 {zielt auf ...e2 ab.} 42. Re1 Qb3 (42... Qc4 $1 $14) 43. Rd7 $16 Qc4 44. Re2 Bf4 {[#]} (44... Rb8 $16 45. Kg2 (45. Rxe3 Rb1+ 46. Kg2 Rb2+ 47. Kh1 Rb1+ 48. Rd1 Qf4 $16) 45... Re8) 45. Qd5 $3 $18 {[%mdl 512]} Bh2+ {[#]} 46. Kh1 $1 ({Finger weg von} 46. Rxh2 $6 Qxd5 47. Rxd5 e2 $16) 46... Qf4 (46... Qxd5+ $142 47. Rxd5 Bg3) 47. Qxf7+ Qxf7 48. Rxf7 Kxf7 49. Kxh2 {[%mdl 4096] Endspiel KT-KT} Re5 {[#]} 50. h4 $1 Ke6 {beabsichtigt ...Kd5.} 51. Kg3 Kd5 52. Kf4 $2 (52. Kf3 $18 Kd4 53. Re1) 52... Kd4 $11 {Die Stellung ist ausgeglichen.} 53. h5 Re8 54. g6 hxg6 $1 55. h6 Kd3 56. Re1 {Und h7 würde nun gewinnen.} Kd2 57. Rh1 e2 58. Kg5 {Droht h7 und aus.} e1=Q 59. Rxe1 Rxe1 60. Kxg6 {KT-KBB} Ke3 61. Kf5 Rf1+ 62. Kg6 Kf4 63. h7 Rh1 64. Kg7 {[#]} Rxh7+ $1 {[%mdl 512]} 65. Kxh7 Kxg4 {Precision: Weiß = 69%, Schwarz = 54%.} 1/2-1/2

[Event "2nd Irena Warakomska Memorial-A"]
[Site "Suwalki"]
[Date "2018.08.03"]
[Round "3"]
[White "Shtembuliak, Evgeny"]
[Black "Roy, Prantik"]
[Result "1-0"]
[WhiteElo "2518"]
[BlackElo "2377"]
[Annotator "ChessBase"]
[PlyCount "59"]
[EventDate "2018.08.01"]
[EventType "swiss"]
[EventCountry "POL"]
[SourceTitle "playchess.com"]
[Source "ChessBase"]
[SourceQuality "1"]
[TimeControl "40/5400+30:1800+30"]

1. d4 {[%emt 0:00:00]} e6 {[%emt 0:03:01]} 2. c4 {[%emt 0:00:31]} b6 {[%emt 0:00:13]} 3. e4 {[%emt 0:01:24]} Bb7 {[%emt 0:00:07]} 4. Bd3 {[%emt 0:00:05]} Nc6 {[%emt 0:00:06]} 5. Ne2 {[%emt 0:05:10]} e5 {[%emt 0:04:41]} 6. d5 {[%emt 0:00:22]} Nb4 {[%emt 0:00:12]} 7. Nbc3 {[%emt 0:02:25]} Nxd3+ {[%emt 0:02:34]} 8. Qxd3 {[%emt 0:00:03]} Nf6 {[%emt 0:00:25]} 9. f4 {[%emt 0:03:20]} Bc5 {[%emt 0:04:09]} 10. Be3 {[%emt 0:06:48]} Qe7 {[%emt 0:07:06]} 11. Bxc5 {[%emt 0:02:44]} Qxc5 {[%emt 0:00:53]} 12. Qg3 {[%emt 0:03:03]} Qe7 {[%emt 0:18:42]} 13. fxe5 {[%emt 0:18:15]} Nh5 {[%emt 0:00:07]} 14. Qh3 {[%emt 0:11:10]} Qxe5 {[%emt 0:01:02]} 15. O-O {[%emt 0:00:06]} g6 {[%emt 0:01:49]} 16. Rf3 {[%emt 0:00:27]} O-O {[%emt 0:11:24]} 17. Raf1 {[%emt 0:03:46]} Bc8 {[%emt 0:07:21]} 18. d6 {[%emt 0:13:14]} Qxd6 {[%emt 0:01:22]} 19. g4 {[%emt 0:00:09]} Qc5+ {[%emt 0:03:57]} 20. Kh1 {[%emt 0:00:12]} d5 {[%emt 0:04:16]} 21. Qh4 {[%emt 0:06:24]} d4 {[%emt 0:06:59]} 22. Nd5 {[%emt 0:00:37]} Bxg4 {[%emt 0:01:02]} 23. Qxg4 {[%emt 0:00:35]} c6 {[%emt 0:05:48]} 24. Nef4 {[%emt 0:02:03]} cxd5 {[%emt 0:05:39]} 25. Nxh5 {[%emt 0:00:27]} dxe4 {[%emt 0:03:07]} 26. Nf6+ {[%emt 0:00:05]} Kg7 {[%emt 0:00:21]} 27. Qxe4 {[%emt 0:00:18]} Rad8 {[%emt 0:01:36]} 28. b4 {[%emt 0:01:56]} Qg5 {[%emt 0:05:16]} 29. h4 {[%emt 0:00:14]} Qd2 {[%emt 0:00:19]} 30. Qe5 {[%emt 0:00:07]} 1-0

[Event "2nd Irena Warakomska Memorial-A"]
[Site "Suwalki"]
[Date "2018.08.03"]
[Round "3"]
[White "Yevseev, Denis"]
[Black "Jaroch, Karol"]
[Result "1-0"]
[WhiteElo "2513"]
[BlackElo "2222"]
[Annotator "TA"]
[PlyCount "171"]
[EventDate "2018.08.01"]
[EventType "swiss"]
[EventCountry "POL"]
[SourceTitle "playchess.com"]
[Source "ChessBase"]
[SourceQuality "1"]

{[%evp 29,171,74,71,62,66,54,68,72,89,87,233,233,233,230,205,100,97,92,88,81,94,112,102,111,104,95,116,113,126,127,132,108,125,119,118,116,102,97,108,79,355,174,186,154,178,117,366,49,63,45,35,37,58,28,39,0,0,0,54,52,193,213,206,8,8,10,11,8,14,8,8,8,10,0,8,8,8,8,8,8,8,8,18,11,19,19,52,37,108,114,143,145,140,137,240,243,372,362,29961,29962,29962,29963,29964,29965,29963,29961,29964,29963,29970,29972,29977,29977,29978,29973,29973,29973,29973,29974,29973,29966,29975,29975,29975,29975,29974,29974,29976,29974,29975,29976,29978,29979,29979,29980,29987,29982,29982,29981,29981,29981,29981,29982,29982,29982]} 1. d4 e6 2. g3 Nf6 3. Bg2 Be7 4. c4 d5 5. Nf3 O-O 6. O-O Nbd7 7. Qc2 c6 8. Nbd2 b6 9. e4 dxe4 10. Nxe4 Nxe4 11. Qxe4 Bb7 12. Rd1 Qc7 13. Bf4 Bd6 14. Bxd6 Qxd6 15. c5 {E09: Katalanisch} Qe7 {LiveBook: 4 Partien} 16. Rac1 (16. b4 a5 17. a3 Rfd8 18. Ne5 Nxe5 19. Qxe5 axb4 20. axb4 b5 21. h4 Qd7 22. Bf3 h6 {0-1 (63) Khairullin,I (2613)-Krapivin,A (2500) St Petersburg 2009}) 16... Nf6 17. Qe2 $146 {Weiß steht etwas besser.} ({Vorgänger:} 17. Qc2 Nd5 18. Ne5 b5 19. Be4 g6 20. Re1 Qc7 21. h4 f6 22. Nd3 Rae8 {1-0 (39) Veingold,A (2475)-Vorobjov,P (2110) Tallinn 1998}) 17... Nd5 18. Nd2 {[%cal Bf3d2,Bd2e4,Be4d6][%mdl 32]} Qc7 19. Ne4 e5 (19... Ne7 $16) 20. Nd6 $18 exd4 21. Bxd5 cxd5 22. b4 ({Bloß nicht} 22. Rxd4 $6 bxc5 23. Nxb7 Qxb7 $16) (22. Nxb7 $18 Qxb7 23. c6 (23. Rxd4 Rac8 $14)) 22... bxc5 $16 23. bxc5 Bc6 24. Qd3 Rab8 25. Qxd4 Qd7 26. Re1 a5 27. Rb1 h6 28. f3 $40 {[%mdl 128] Weiss hat starken Angriff.} Ba8 29. g4 f6 30. Rxb8 Rxb8 31. Nf5 Re8 32. Rxe8+ Qxe8 33. Kf2 Qb8 34. Kg2 Qc7 $2 {[%mdl 8192] [#]} (34... Qe8 $16) 35. Qe3 (35. c6 $142 $1 {[%mdl 512]} Bxc6 36. Qc5) 35... Qd7 $18 36. Nd4 Kf7 37. Qb3 (37. Qe1 $18) 37... Qc7 $2 {[#]} (37... Qe7 $16) 38. Qb5 $2 (38. c6 $1 $18 {[%mdl 512]} Bxc6 39. Qc2) 38... Qe5 $14 39. Qd7+ Kg6 40. Qf5+ Kf7 41. Qd3 $1 h5 42. c6 hxg4 43. fxg4 g6 (43... a4 $11) 44. h3 f5 (44... a4 $14) 45. gxf5 $18 gxf5 {[#]} 46. c7 $2 ({Und nicht} 46. Nxf5 Bxc6 47. Nd4 Bd7 $11) ({Schwächer ist} 46. Qxf5+ Qxf5 47. Nxf5 Bxc6 $11) (46. Kf3 $1 $18) 46... Qxc7 $11 47. Qxf5+ Kg8 48. Qg4+ Kf7 49. h4 {Und weiter mit De6+ wäre nett.} Qe5 50. Kf2 Qf6+ 51. Ke3 Bb7 52. Qd7+ Kg6 53. Nf3 d4+ 54. Nxd4 Qe5+ 55. Kd2 Bd5 56. Qg4+ Kf6 57. a3 Be4 58. Ne2 Qb2+ (58... Bc6 $14) 59. Ke3 $16 Bg6 {[#]} 60. Qg5+ $1 Kf7 61. Qxa5 Qf6 (61... Qc2 $16 {ist wohl besser.}) 62. Qd5+ $18 Ke8 (62... Kf8 $142 63. Qf3 Bf5) 63. Nd4 Qxh4 $2 (63... Ke7 $18 64. a4 Kf8) 64. Qg8+ {Weiß setzt Matt.} Kd7 65. Qe6+ Kc7 66. Qxg6 Qe1+ 67. Kd3 Qb1+ 68. Nc2 Qb3+ 69. Kd2 Kb7 70. Qe4+ Kc7 71. Qd3 Qg8 72. Ne3 Qg5 73. Qd5 Qg1 74. Qc5+ Kb8 75. Kc2 Kb7 76. Kb2 Ka6 77. Qc4+ Ka7 78. Nc2 Qh2 79. Kb3 Qg3+ 80. Ka4 Qg2 81. Nd4 Qh2 82. Qc5+ Kb7 83. Qd5+ Kc8 84. Nb5 Qh4+ 85. Ka5 Qe1+ 86. Kb6 {Precision: Weiß = 57%, Schwarz = 32%.} 1-0

[Event "2nd Irena Warakomska Memorial-A"]
[Site "Suwalki"]
[Date "2018.08.03"]
[Round "3"]
[White "Gleizerov, Evgeny"]
[Black "Teclaf, Pawel"]
[Result "1-0"]
[WhiteElo "2507"]
[BlackElo "2362"]
[Annotator "ChessBase"]
[PlyCount "103"]
[EventDate "2018.08.01"]
[EventType "swiss"]
[EventCountry "POL"]
[SourceTitle "playchess.com"]
[Source "ChessBase"]
[SourceQuality "1"]
[TimeControl "40/5400+30:1800+30"]

1. d4 {[%emt 0:00:00]} Nf6 {[%emt 0:00:00]} 2. c4 {[%emt 0:00:00]} g6 {[%emt 0:00:00]} 3. Nc3 {[%emt 0:00:00]} d5 {[%emt 0:00:00]} 4. cxd5 {[%emt 0:00:00]} Nxd5 {[%emt 0:00:00]} 5. Bd2 {[%emt 0:00:00]} Nb6 {[%emt 0:00:00]} 6. Bf4 {[%emt 0:04:27]} Bg7 {[%emt 0:02:26]} 7. e3 {[%emt 0:00:06]} O-O {[%emt 0:03:35]} 8. Rc1 {[%emt 0:00:49]} Nc6 {[%emt 0:23:58]} 9. Nf3 {[%emt 0:01:04]} Be6 {[%emt 0:06:45]} 10. Be2 {[%emt 0:02:34]} Bc4 {[%emt 0:11:45]} 11. O-O {[%emt 0:00:47]} Bxe2 {[%emt 0:08:10]} 12. Qxe2 {[%emt 0:00:06]} Nd5 {[%emt 0:02:56]} 13. Bg3 {[%emt 0:15:34]} e6 {[%emt 0:03:49]} 14. Rfd1 {[%emt 0:00:41]} Nxc3 {[%emt 0:01:41]} 15. Rxc3 {[%emt 0:00:50]} Qd5 {[%emt 0:01:10]} 16. Bxc7 {[%emt 0:09:01]} Qxa2 {[%emt 0:09:09]} 17. Qb5 {[%emt 0:00:05]} Qd5 {[%emt 0:07:17]} 18. Qxb7 {[%emt 0:04:16]} Ne7 {[%emt 0:00:02]} 19. Qa6 {[%emt 0:02:45]} Qd7 {[%emt 0:00:29]} 20. Qd6 {[%emt 0:03:09]} Qxd6 {[%emt 0:00:07]} 21. Bxd6 {[%emt 0:00:06]} Rfe8 {[%emt 0:00:01]} 22. Ra1 {[%emt 0:07:05]} Nd5 {[%emt 0:02:03]} 23. Rca3 {[%emt 0:00:05]} Rec8 {[%emt 0:02:13]} 24. Kf1 {[%emt 0:03:30]} Rc6 {[%emt 0:01:31]} 25. Ra6 {[%emt 0:00:27]} Rxa6 {[%emt 0:03:12]} 26. Rxa6 {[%emt 0:00:02]} Bf8 {[%emt 0:00:04]} 27. Bxf8 {[%emt 0:04:39]} Kxf8 {[%emt 0:00:02]} 28. Ne5 {[%emt 0:00:06]} Nb4 {[%emt 0:01:43]} 29. Rd6 {[%emt 0:00:46]} Ke8 {[%emt 0:01:38]} 30. Nc6 {[%emt 0:07:59]} Nxc6 {[%emt 0:00:01]} 31. Rxc6 {[%emt 0:00:01]} Rb8 {[%emt 0:00:15]} 32. Rc2 {[%emt 0:00:17]} a5 {[%emt 0:01:48]} 33. Ke2 {[%emt 0:00:05]} Rb3 {[%emt 0:00:33]} 34. Kf3 {[%emt 0:02:18]} Ke7 {[%emt 0:01:27]} 35. Ke4 {[%emt 0:02:11]} h5 {[%emt 0:00:40]} 36. Ke5 {[%emt 0:06:42]} Rb5+ {[%emt 0:00:02]} 37. Kf4 {[%emt 0:00:02]} Kf6 {[%emt 0:02:01]} 38. h4 {[%emt 0:01:56]} Rb4 {[%emt 0:01:17]} 39. Ke4 {[%emt 0:01:40]} Rb3 {[%emt 0:00:06]} 40. f3 {[%emt 0:00:00]} Ke7 {[%emt 0:00:00]} 41. g4 {[%emt 0:02:53]} f5+ {[%emt 0:22:31]} 42. gxf5 {[%emt 0:00:30]} gxf5+ {[%emt 0:00:02]} 43. Kf4 {[%emt 0:00:08]} Kf6 {[%emt 0:00:06]} 44. Rc6 {[%emt 0:12:35]} Rb4 {[%emt 0:05:03]} 45. Rd6 {[%emt 0:01:37]} a4 {[%emt 0:01:10]} 46. Ra6 {[%emt 0:06:37]} Rb5 {[%emt 0:01:05]} 47. e4 {[%emt 0:00:30]} fxe4 {[%emt 0:03:01]} 48. fxe4 {[%emt 0:00:04]} Kf7 {[%emt 0:01:09]} 49. Rxa4 {[%emt 0:01:00]} Rxb2 {[%emt 0:00:03]} 50. Ra5 {[%emt 0:01:16]} Kg6 {[%emt 0:03:34]} 51. Ke5 {[%emt 0:01:11]} Rb6 {[%emt 0:00:31]} 52. Ra7 {[%emt 0:00:17]} 1-0

[Event "2nd Irena Warakomska Memorial-A"]
[Site "Suwalki"]
[Date "2018.08.03"]
[Round "3"]
[White "Venkataraman, Karthik"]
[Black "Tomczak, Jacek"]
[Result "0-1"]
[WhiteElo "2501"]
[BlackElo "2596"]
[Annotator "ChessBase"]
[PlyCount "82"]
[EventDate "2018.08.01"]
[EventType "swiss"]
[EventCountry "POL"]
[SourceTitle "playchess.com"]
[Source "ChessBase"]
[SourceQuality "1"]
[TimeControl "40/5400+30:1800+30"]

1. Nf3 {[%emt 0:00:00]} c5 {[%emt 0:00:08]} 2. e4 {[%emt 0:00:00]} d6 {[%emt 0:00:06]} 3. Nc3 Nf6 4. e5 {[%emt 0:01:02]} dxe5 {[%emt 0:02:10]} 5. Nxe5 {[%emt 0:00:00]} a6 {[%emt 0:08:26]} 6. g3 Qd6 7. Qe2 {[%emt 0:12:49]} Nc6 {[%emt 0:05:08]} 8. Nxc6 {[%emt 0:00:00]} Qxc6 {[%emt 0:00:13]} 9. Rg1 Bg4 {[%emt 0:16:47]} 10. Bg2 {[%emt 0:00:33]} Qxg2 11. Rxg2 {[%emt 0:00:04]} Bxe2 {[%emt 0:00:35]} 12. Kxe2 O-O-O 13. a4 {[%emt 0:02:16]} Nd5 {[%emt 0:10:20]} 14. Ne4 {[%emt 0:02:19]} e5 {[%emt 0:05:33]} 15. a5 {[%emt 0:07:06]} Be7 {[%emt 0:02:50]} 16. b3 {[%emt 0:21:01]} f5 {[%emt 0:13:30]} 17. Nc3 {[%emt 0:00:16]} Nxc3+ {[%emt 0:00:05]} 18. dxc3 {[%emt 0:00:03]} h5 {[%emt 0:00:09]} 19. h4 {[%emt 0:04:02]} Rd7 {[%emt 0:06:25]} 20. Rg1 {[%emt 0:01:46]} Kc7 {[%emt 0:03:20]} 21. Be3 {[%emt 0:01:28]} Rhd8 {[%emt 0:01:06]} 22. Rad1 {[%emt 0:00:37]} Rxd1 {[%emt 0:02:23]} 23. Rxd1 {[%emt 0:00:05]} Rxd1 {[%emt 0:00:02]} 24. Kxd1 {[%emt 0:00:06]} c4 {[%emt 0:00:06]} 25. b4 {[%emt 0:05:47]} Kc6 {[%emt 0:01:36]} 26. Ke2 {[%emt 0:00:10]} Kd5 {[%emt 0:01:49]} 27. Bd2 {[%emt 0:00:34]} Ke4 {[%emt 0:02:22]} 28. f3+ {[%emt 0:08:07]} Kd5 {[%emt 0:00:03]} 29. Be1 {[%emt 0:00:11]} Bf6 {[%emt 0:02:44]} 30. Ke3 {[%emt 0:02:09]} g6 {[%emt 0:01:08]} 31. f4 {[%emt 0:01:54]} Bd8 {[%emt 0:07:52]} 32. fxe5 {[%emt 0:02:15]} Kxe5 {[%emt 0:00:27]} 33. Kf3 {[%emt 0:00:21]} Bf6 {[%emt 0:04:34]} 34. Ke3 {[%emt 0:01:59]} Ke6 {[%emt 0:00:53]} 35. Kf4 {[%emt 0:01:30]} Be5+ {[%emt 0:00:14]} 36. Kf3 {[%emt 0:02:14]} Kd5 {[%emt 0:00:12]} 37. Ke3 {[%emt 0:00:08]} Kc6 {[%emt 0:00:13]} 38. Kd2 {[%emt 0:00:09]} Kb5 {[%emt 0:00:30]} 39. Kc1 {[%emt 0:00:08]} Ka4 {[%emt 0:00:23]} 40. Kb2 {[%emt 0:00:00]} f4 {[%emt 0:00:00]} 41. gxf4 {[%emt 0:00:44]} Bxf4 {[%emt 0:00:24]} 0-1

[Event "2nd Irena Warakomska Memorial-A"]
[Site "Suwalki"]
[Date "2018.08.03"]
[Round "3"]
[White "Leniart, Arkadiusz"]
[Black "Tomaszewski, Roman"]
[Result "1-0"]
[WhiteElo "2498"]
[BlackElo "2258"]
[Annotator "ChessBase"]
[PlyCount "59"]
[EventDate "2018.08.01"]
[EventType "swiss"]
[EventCountry "POL"]
[SourceTitle "playchess.com"]
[Source "ChessBase"]
[SourceQuality "1"]
[TimeControl "40/5400+30:1800+30"]

1. d4 {[%emt 0:00:00]} Nf6 {[%emt 0:00:00]} 2. c4 {[%emt 0:00:00]} g6 {[%emt 0:00:00]} 3. f3 {[%emt 0:00:00]} d5 {[%emt 0:00:00]} 4. cxd5 {[%emt 0:00:00]} Nxd5 {[%emt 0:00:00]} 5. e4 {[%emt 0:00:00]} Nb6 {[%emt 0:00:09]} 6. Nc3 {[%emt 0:00:11]} Bg7 {[%emt 0:00:06]} 7. Be3 {[%emt 0:00:04]} O-O {[%emt 0:05:43]} 8. Qd2 {[%emt 0:00:33]} e5 {[%emt 0:00:08]} 9. d5 {[%emt 0:00:04]} c6 {[%emt 0:00:07]} 10. h4 {[%emt 0:00:20]} cxd5 {[%emt 0:00:33]} 11. exd5 {[%emt 0:00:06]} N8d7 {[%emt 0:19:19]} 12. h5 {[%emt 0:00:15]} Nf6 {[%emt 0:00:06]} 13. hxg6 {[%emt 0:00:05]} fxg6 {[%emt 0:00:07]} 14. O-O-O {[%emt 0:00:07]} e4 {[%emt 0:00:03]} 15. fxe4 {[%emt 0:11:12]} Ng4 {[%emt 0:52:09]} 16. Bc5 {[%emt 0:06:29]} Re8 {[%emt 0:06:35]} 17. Nf3 {[%emt 0:06:53]} Nd7 {[%emt 0:00:54]} 18. Bd4 {[%emt 0:03:22]} Nde5 {[%emt 0:00:35]} 19. Kb1 {[%emt 0:03:13]} Bd7 {[%emt 0:02:19]} 20. Be2 {[%emt 0:02:51]} a6 {[%emt 0:04:51]} 21. d6 {[%emt 0:13:39]} Be6 {[%emt 0:04:17]} 22. Nxe5 {[%emt 0:02:12]} Nxe5 {[%emt 0:00:02]} 23. Bxe5 {[%emt 0:01:22]} Bxe5 {[%emt 0:00:03]} 24. Nd5 {[%emt 0:00:13]} Qd7 {[%emt 0:03:09]} 25. Bc4 {[%emt 0:06:15]} h5 {[%emt 0:00:35]} 26. Nb6 {[%emt 0:01:31]} Qf7 {[%emt 0:00:26]} 27. Rhf1 {[%emt 0:01:12]} Bxc4 {[%emt 0:00:24]} 28. Rxf7 {[%emt 0:00:09]} Bxf7 {[%emt 0:00:05]} 29. Nxa8 {[%emt 0:00:06]} Rxa8 {[%emt 0:00:09]} 30. Qg5 {[%emt 0:00:07]} 1-0

[Event "2nd Irena Warakomska Memorial-A"]
[Site "Suwalki"]
[Date "2018.08.03"]
[Round "3"]
[White "Koziak, Vitali"]
[Black "Mulet, Piotr"]
[Result "1-0"]
[WhiteElo "2476"]
[BlackElo "2238"]
[Annotator "ChessBase"]
[PlyCount "69"]
[EventDate "2018.08.01"]
[EventType "swiss"]
[EventCountry "POL"]
[SourceTitle "playchess.com"]
[Source "ChessBase"]
[SourceQuality "1"]
[TimeControl "40/5400+30:1800+30"]

1. Nf3 {[%emt 0:00:00]} Nf6 {[%emt 0:02:40]} 2. c4 {[%emt 0:00:00]} c5 {[%emt 0:00:31]} 3. Nc3 {[%emt 0:00:08]} Nc6 {[%emt 0:00:33]} 4. d4 {[%emt 0:02:19]} cxd4 {[%emt 0:00:05]} 5. Nxd4 {[%emt 0:00:05]} e6 {[%emt 0:01:29]} 6. Nxc6 {[%emt 0:06:11]} bxc6 {[%emt 0:00:24]} 7. g3 {[%emt 0:00:17]} Bb4 {[%emt 0:17:27]} 8. Bg2 {[%emt 0:01:23]} Ba6 {[%emt 0:01:08]} 9. Qb3 {[%emt 0:12:46]} Qa5 {[%emt 0:03:04]} 10. Bf4 {[%emt 0:21:29]} Qc5 {[%emt 0:02:51]} 11. a3 {[%emt 0:02:03]} Bxc3+ {[%emt 0:02:51]} 12. Qxc3 {[%emt 0:02:03]} Qxc4 {[%emt 0:00:10]} 13. Qd2 {[%emt 0:03:30]} d5 {[%emt 0:06:40]} 14. Rc1 {[%emt 0:03:55]} Qb5 {[%emt 0:00:07]} 15. Bd6 {[%emt 0:00:16]} Rd8 {[%emt 0:00:52]} 16. Bc5 {[%emt 0:03:33]} Nd7 {[%emt 0:02:37]} 17. Bxa7 {[%emt 0:02:02]} O-O {[%emt 0:00:56]} 18. b4 {[%emt 0:06:20]} Ra8 {[%emt 0:04:56]} 19. Bd4 {[%emt 0:06:43]} e5 {[%emt 0:01:53]} 20. Bb2 {[%emt 0:11:50]} Rae8 {[%emt 0:08:32]} 21. Rc2 {[%emt 0:01:48]} Qa4 {[%emt 0:01:53]} 22. Qc1 {[%emt 0:01:31]} Bb5 {[%emt 0:01:03]} 23. O-O {[%emt 0:02:04]} Nb6 {[%emt 0:00:24]} 24. f4 {[%emt 0:01:34]} f6 {[%emt 0:01:40]} 25. fxe5 {[%emt 0:00:24]} fxe5 {[%emt 0:00:04]} 26. Rxf8+ {[%emt 0:00:33]} Kxf8 {[%emt 0:00:14]} 27. Bxe5 {[%emt 0:00:36]} Nc4 {[%emt 0:01:11]} 28. Bd4 {[%emt 0:00:24]} Ne3 {[%emt 0:08:05]} 29. Bxe3 {[%emt 0:04:34]} Rxe3 {[%emt 0:00:05]} 30. Rxc6 {[%emt 0:01:20]} Qa7 {[%emt 0:02:45]} 31. Qc5+ {[%emt 0:01:02]} Qxc5 {[%emt 0:00:05]} 32. Rxc5 {[%emt 0:00:04]} Be8 {[%emt 0:02:45]} 33. Bxd5 {[%emt 0:00:57]} Rxa3 {[%emt 0:00:06]} 34. Ra5 {[%emt 0:00:36]} Re3 {[%emt 0:00:14]} 35. Kf2 {[%emt 0:00:27]} 1-0